000 00477nam a2200181Ia 4500
001 3337
005 20260306145636.0
008 260306t2001||||xx |||||||||||||| ||spa||
041 _aESP
082 _a270
_bG24 T. 4
100 _aGarcía-Villoslada, Ricardo
_eAUT
245 0 _aHistoria de la Iglesia Católica:
_bedad moderna: La época del absolutismo monárquico
260 _c2001
300 _a
_c20 cm.
650 _aGEN
654 _aCHU
942 _cLIB
_dJUS
_fJUS
_2ddc
_n
999 _c3337
_d3337